[Event "Baku Open 2018"]
[Site "Baku"]
[Date "2018.11.25"]
[Round "2"]
[White "Huseynzade, Jeyhun"]
[Black "Gasanov, Eldar"]
[Result "0-1"]
[WhiteElo "1979"]
[BlackElo "2502"]
[Annotator "TA"]
[PlyCount "66"]
[EventDate "2018.11.24"]
[EventType "swiss"]
[EventCountry "AZE"]
[SourceTitle "playchess.com"]
[Source "ChessBase"]
[SourceQuality "1"]

{[%evp 9,66,-33,-24,-22,-18,-18,-10,-5,2,-7,22,18,12,-13,-19,-40,-31,-28,-37,-33,-30,-34,-24,-20,-43,-50,-47,-56,-56,-55,-54,-64,-36,-37,-27,-42,-28,-47,-7,-14,-9,-193,-178,-184,-181,-173,-173,-715,-727,-1891,-1856,-1689,-1657,-29984,-29985,-29992,-29990,-29993,-29994]} 1. e4 c5 2. Nc3 Nc6 3. f4 e6 4. Bb5 (4. Nf3 d5 5. Bb5 Nge7 6. exd5 exd5 7. Qe2 f6 8. Bxc6+ bxc6 9. d3 Kf7 10. O-O Nf5 11. Bd2 h5 12. Rae1 h4 13. Na4 Bd7 14. Qf2 d4 15. Qe2 {0-1 (36) Jones,G (2640)-Van Wely,L (2656) chess.com INT 2018}) 4... Nd4 5. a4 Nxb5 6. axb5 {B23: Closed Sicilian: Lines without g3} d5 7. Qe2 Ne7 8. Nf3 $146 {The position is equal.} ({Predecessor:} 8. b6 a6 9. d3 d4 10. Na4 Nc6 11. Nf3 Be7 {1-0 (24) Ramos Moreno,F (2005)-Romero Rodriguez,J Malaga 2001}) 8... dxe4 9. Nxe4 Nf5 10. O-O Be7 11. d3 O-O 12. Bd2 b6 13. c4 Bb7 14. Bc3 a6 15. bxa6 Rxa6 16. Rxa6 Bxa6 17. Rd1 Bb7 18. b3 Qc7 19. Be5 Qc6 20. Ng3 {Threatening Nxf5.} Nxg3 21. hxg3 Re8 22. Bc3 f6 {[%cal Bf7f6,Bf6e5,Be5d4,Bd4c3][%mdl 32]} 23. d4 cxd4 24. Nxd4 Bc5 25. b4 $2 {[#]} (25. Kh2 $11 {and White has nothing to worry.} Qe4 26. Qxe4 Bxe4 27. Re1) 25... e5 $19 26. fxe5 fxe5 27. Re1 Re7 $36 {[%mdl 2048] Black is really pushing.} ({Not} 27... Bxd4+ 28. Bxd4 h6 29. Kh2 $11) 28. Qf3 $2 (28. Qc2 exd4 29. bxc5 dxc3 30. Rxe7 Qxc5+ {[%mdl 64] Double Attack} 31. Kf1 Qxe7 32. Qxc3) 28... exd4 29. bxc5 Qxc5 30. Qf2 dxc3 31. Rxe7 Qxe7 {Black mates.} 32. Qc2 Qe1+ 33. Kh2 Qd2 {Accuracy: White = 43%, Black = 50%.} 0-1

[Event "Baku Open 2018"]
[Site "Baku"]
[Date "2018.11.26"]
[Round "3"]
[White "Guseinov, Gadir"]
[Black "Ahmadzada, Ahmad"]
[Result "1-0"]
[WhiteElo "2664"]
[BlackElo "2343"]
[Annotator "TA"]
[PlyCount "43"]
[EventDate "2018.11.24"]
[EventType "swiss"]
[EventCountry "AZE"]
[SourceTitle "playchess.com"]
[Source "ChessBase"]
[SourceQuality "1"]

{[%evp 21,43,20,36,43,59,51,63,49,55,72,58,36,92,98,152,140,137,151,282,230,261,276,341,333]} 1. e4 e6 2. d4 d5 3. Nd2 c5 4. Ngf3 cxd4 5. Nxd4 Nc6 6. Bb5 Bd7 7. Nxc6 bxc6 8. Bd3 Bd6 {C07: French Tarrasch: 3...c5, 4 Ngf3 and 4 exd5 Qxd5} 9. Qe2 Qc7 (9... Ne7 10. Nf3 h6 11. c4 O-O 12. O-O a5 13. Re1 a4 14. Bd2 Rb8 15. Bc3 Bb4 16. Ne5 Bxc3 17. bxc3 {½-½ (52) Navara,D (2740)-Kovalenko,I (2639) Katowice 2017}) 10. Nf3 dxe4 11. Qxe4 Nf6 {LiveBook: 19 Games} 12. Qh4 Qa5+ 13. Bd2 Qh5 14. Qxh5 Nxh5 15. O-O-O Nf4 16. Bf1 {[%cal Bd3f1,Bf1g2,Bg2c6][%mdl 32]} Ke7 (16... f6 $14) 17. g3 $146 {[%mdl 2048] White is really pushing.} Ng6 ({Black should play} 17... Nd5) 18. Bg2 f6 {[#]} 19. Ng5 $1 {[%mdl 512]} f5 (19... Rab8 $16) (19... fxg5 20. Bxg5+) 20. Bc3 Bc5 21. Rhe1 ({Resist} 21. Bxg7 Bxf2 22. Kb1 (22. Bxh8 Rxh8 23. Kb1 c5 $18) 22... Rhg8 $18) 21... Bxf2 {[#]} 22. Bxc6 $1 {[%mdl 512] Accuracy: White = 93%, Black = 18%.} 1-0

[Event "Baku Open 2018"]
[Site "Baku"]
[Date "2018.11.26"]
[Round "3"]
[White "Aleksandrov, Aleksej"]
[Black "Demianjuk, Alexander"]
[Result "1-0"]
[WhiteElo "2599"]
[BlackElo "2332"]
[Annotator "TA"]
[PlyCount "123"]
[EventDate "2018.11.24"]
[EventType "swiss"]
[EventCountry "AZE"]
[SourceTitle "playchess.com"]
[Source "ChessBase"]
[SourceQuality "1"]

{[%evp 21,123,0,9,7,25,22,33,33,41,0,0,-8,0,0,0,0,15,2,22,28,24,0,10,0,0,0,3,2,21,0,37,25,46,0,0,0,10,4,15,8,18,8,120,105,100,104,104,113,98,84,443,435,444,444,452,448,451,426,449,427,438,427,437,437,429,417,397,380,825,806,728,460,439,457,454,387,323,0,444,452,423,386,433,443,416,401,753,680,718,750,741,720,685,667,1003,987,29968,29966,29974,29975,29972,29970,5736,5708]} 1. d4 Nf6 2. c4 e6 3. Nc3 Bb4 4. e3 O-O 5. Bd2 b6 6. Nf3 c5 7. a3 Bxc3 8. Bxc3 Ne4 9. Rc1 Bb7 10. Be2 d6 11. O-O Nd7 12. Be1 {E21: Nimzo-Indian: 4 Nf3} Qe7 13. b4 e5 {[#]} 14. bxc5 $146 {White is slightly better.} ({Predecessor:} 14. d5 f5 15. Nd2 Nef6 16. Nb3 cxb4 17. axb4 Rfc8 18. f3 Rc7 19. Bd3 e4 20. fxe4 {1-0 (43) Batchuluun,T (2522)-Ariunbuuvei,B (2194) Dadal 2017}) 14... dxc5 15. Nxe5 Nxe5 16. dxe5 Rfd8 17. Qc2 Qxe5 18. f3 Ng5 (18... Nd6 {is more complex.} 19. e4 Bc6 20. Bg3 Qg5 21. Rcd1 Qe3+) 19. Qc3 Qxc3 (19... Qe8 {seems wilder.} 20. h4 Ne6 21. Bg3 f5 22. Rcd1 f4) 20. Bxc3 Bc6 21. Rfd1 Ba4 22. Rd5 f6 23. Bd1 Bxd1 24. Rcxd1 Nf7 25. a4 Kf8 26. e4 $36 {[%mdl 2048] White fights for an advantage.} Ke7 27. f4 Rxd5 28. cxd5 $11 {[%mdl 4096] Endgame KRB-KRN} Kd6 29. Kf2 a6 30. Rb1 Rb8 31. Ke3 h5 (31... f5 $1 $11) 32. g3 $16 Rb7 33. Kd3 b5 34. axb5 axb5 35. Ra1 c4+ $2 {[%mdl 8192] [#]} (35... Ke7 $16 {is more resistant.}) 36. Kd4 $18 b4 37. Rb1 b3 38. Kxc4 Rc7+ 39. Kxb3 Kc5 {Now ...Rb7+ and Black clings on.} 40. Rd1 Rb7+ 41. Kc2 Nd6 42. Bd4+ Kc4 43. Bb2 Rc7 44. e5 Nf5 $2 (44... Nb5 45. d6 Rd7) 45. d6 Rd7 46. Kb1 fxe5 47. fxe5 g6 48. Re1 Rb7 49. Rd1 Rd7 50. Ba3 {[#] And now e6 would win.} Ng7 51. Rc1+ Kd5 52. Rc7 Ke6 53. Kc2 Nf5 (53... Ne8 $142) 54. Kd3 Rd8 55. Ke4 Ra8 56. Bb4 Rb8 57. Bc3 Ra8 58. d7 Ne7 59. Bb4 Rd8 60. Bxe7 Kxe7 61. Kd5 Ra8 62. e6 {Accuracy: White = 78%, Black = 42%.} 1-0

[Event "Baku Open 2018"]
[Site "Baku"]
[Date "2018.11.26"]
[Round "3"]
[White "Gareyev, Timur"]
[Black "Davidov, Samir"]
[Result "1-0"]
[WhiteElo "2584"]
[BlackElo "2314"]
[Annotator "TA"]
[PlyCount "105"]
[EventDate "2018.11.24"]
[EventType "swiss"]
[EventCountry "AZE"]
[SourceTitle "playchess.com"]
[Source "ChessBase"]
[SourceQuality "1"]

{[%evp 11,105,60,77,55,73,74,80,73,81,64,81,63,122,60,57,55,49,38,52,0,64,-2,0,0,0,-19,2,-18,77,43,157,154,143,157,271,251,328,172,189,186,315,302,337,318,329,316,323,326,325,314,297,305,305,282,392,402,772,729,759,729,666,388,384,420,452,269,443,501,683,689,684,637,880,858,760,796,805,838,793,793,797,794,750,771,760,758,739,725,660,672,29975,29976,29981,29982,29982,29983]} 1. d4 d6 2. Nf3 Nf6 3. c4 Nbd7 4. Nc3 e5 5. e4 Be7 6. Be2 h6 {LiveBook: 3 Games. A55: Old Indian Defence with Nf3 and e4} (6... O-O 7. O-O c6 8. Re1 Qe8 9. Bf1 Bd8 10. h3 Qe7 11. Be3 Ba5 12. Nd2 Rd8 13. Qc2 Nf8 14. d5 h6 15. a3 Bb6 16. b4 Bxe3 17. Rxe3 {0-1 (65) Jakovenko,D (2726)-Jobava,B (2706) Loo 2014}) 7. Be3 c6 8. O-O Ng4 {White is better.} 9. Bd2 Qc7 10. Rc1 $146 ({Predecessor:} 10. d5 a5 11. a3 Nb6 12. b3 Nf6 13. Be3 Bd7 14. Nd2 {1-0 (38) Bogdanovski,V (2435)-Todic,Z (2275) Paracin 2013}) 10... Ngf6 11. b4 g5 (11... Nf8 $14) 12. c5 (12. h3 $16) 12... dxc5 $14 13. dxc5 Nf8 14. Be3 Be6 15. h4 ({White should play} 15. Nd2 $14) 15... g4 (15... Ng4 $11) 16. Nh2 $40 {[%mdl 128] White mounts an attack.} (16. Nd2 $14) 16... h5 17. Qa4 Ng6 18. Rfd1 O-O 19. g3 Ne8 (19... Nf4 $11) 20. b5 Ng7 {[#]} (20... Nf6 $14) 21. Nd5 $1 $16 {[%cal Rd5c7]} cxd5 22. exd5 Nf5 (22... Bf5 $16) 23. dxe6 $18 fxe6 24. Qb3 (24. c6 $142) 24... Kg7 25. Qxe6 {[#] And now Rd7 would win.} Rf6 (25... Rad8 $142) 26. Rd7 Rxe6 27. Rxc7 Nxe3 28. fxe3 b6 29. Bc4 Rf6 30. Bd5 Rd8 31. e4 Kh6 32. c6 ({Less strong is} 32. Rxa7 Bxc5+ 33. Rxc5 bxc5 $11) 32... Rdf8 33. Rxa7 Bc5+ (33... Bb4 $142 34. Rd7 Ne7) 34. Rxc5 bxc5 35. Rd7 Rf2 36. Rf7 R2xf7 ({Avoid the trap} 36... R8xf7 $2 37. Bxf7 Rxf7 38. b6 $18) 37. Bxf7 {[%mdl 4096] Endgame KRN-KBN} Ne7 ({Not} 37... Rxf7 38. b6 $18) 38. Bc4 (38. c7 $142 Nc8 39. Be6) 38... Nc8 $2 (38... Rf6 39. a4 Nxc6) 39. Nf1 Nb6 40. Nd2 Kg6 41. Bb3 Kf6 42. a4 {[%cal Ba2a4,Ba4a5][%mdl 32]} Ke7 43. a5 Na8 44. b6 Nc7 45. bxc7 Kd6 46. c8=Q Rxc8 47. Bd5 Kc7 48. Nc4 Ra8 49. Kf2 Rf8+ 50. Ke2 Rf3 51. Nb6 {White mates.} Rf6 52. Na8+ Kb8 53. a6 {Precision: White = 63%, Black = 42%.} 1-0

[Event "Baku Open 2018"]
[Site "Baku"]
[Date "2018.11.26"]
[Round "3"]
[White "Tsydypov, Zhamsaran"]
[Black "Guliev, Logman"]
[Result "1-0"]
[WhiteElo "2530"]
[BlackElo "2312"]
[Annotator "TA"]
[PlyCount "105"]
[EventDate "2018.11.24"]
[EventType "swiss"]
[EventCountry "AZE"]
[SourceTitle "playchess.com"]
[Source "ChessBase"]
[SourceQuality "1"]

{[%evp 21,105,70,68,14,15,35,22,25,31,-5,0,0,66,31,128,131,129,132,140,133,134,119,154,140,159,147,158,134,156,133,170,167,208,190,202,205,210,188,206,183,189,207,192,163,199,111,99,120,111,102,110,100,115,81,68,22,210,210,166,172,324,329,322,288,283,320,827,818,785,774,1106,1177,1254,1239,1218,1208,29987,29971,29969,29971,29966,12678,4945,4945,29991,29992]} 1. e4 c5 2. Nf3 d6 3. d4 cxd4 4. Nxd4 Nf6 5. Nc3 a6 6. Be3 e5 7. Nb3 Be6 8. f3 Nbd7 9. g4 Nb6 10. Qd2 Be7 11. O-O-O O-O 12. g5 {B90: Sicilian Najdorf: Unusual White 6th moves, 6 Be3 Ng4 and 6 Be3 e5} (12. Kb1 $14) 12... Nh5 $1 $11 13. Rg1 (13. Kb1 Rc8 14. Rg1 g6 15. Qf2 Nc4 16. Bxc4 Rxc4 17. Nd5 Bxd5 18. Rxd5 b5 {1-0 (42) Ding,L (2783)-Ponomariov,R (2712) Khanty-Mansiysk 2017}) 13... Rc8 14. h4 {The position is equal.} g6 15. f4 exf4 16. Bxf4 {[#]} d5 $146 (16... Nxf4 $11 17. Qxf4 Bd7) ({Predecessor:} 16... Nxf4 17. Qxf4 Rxc3 18. bxc3 d5 {0-1 (27) Panarin,M (2471)-Sutovsky,E (2679) playchess.com INT 2004}) 17. Be3 {[%cal Re4d5]} Bb4 (17... Nc4 $14 18. Bxc4 dxc4) 18. Qf2 $1 $16 Nc4 19. Bxc4 $1 Rxc4 20. Nxd5 Bxd5 21. exd5 Bd6 22. Kb1 Qc7 23. Bb6 Qd7 24. Rd4 Rxd4 25. Bxd4 ({Don't take} 25. Nxd4 $6 Nf4 $16) 25... Re8 26. c4 Bg3 27. Rxg3 Nxg3 28. Qxg3 {Black must now prevent Qf4.} Qf5+ 29. Kc1 Qf1+ 30. Kd2 $1 Qxc4 {( -> ...Re2+)} 31. Qf3 $1 a5 {Black wants to play ...a4.} 32. Bf6 Qxh4 33. Nc1 $40 {[%mdl 128] White wants a kill.} (33. Kd3 $18) 33... h5 34. Nd3 Qh2+ 35. Qf2 Qd6 36. Qd4 Qh2+ 37. Nf2 $1 {aiming for d6.} Qg1 {Threatens to win with ...Qe1+.} 38. Nd1 Qe1+ $2 (38... Qxd4+ $1 $11 39. Bxd4 h4) 39. Kc1 $18 Rc8+ 40. Kb1 Qe2 $2 (40... Qf1 41. a3 b5) 41. Nc3 $1 {[%cal Rc3e2]} Qf1+ {[#]} 42. Kc2 $1 Qf5+ 43. Kd2 b5 $2 (43... Kf8 44. a3 b6) 44. d6 {d7 is the strong threat.} Rc4 45. Qe3 {Intending Qe8+ and mate.} Kh7 46. Qe5 {White wants to mate with Qxf5.} ({And not} 46. Qe8 Qf4+ 47. Ke2 Qh2+ 48. Kf1 Qf4+ 49. Kg2 Qg4+ 50. Kf2 Qf4+ 51. Kg2 Qg4+ 52. Kf2 Qf4+ 53. Ke1 Qg3+ 54. Kd2 (54. Ke2 Qh2+ 55. Kf1 Rf4+ 56. Ke1 Qg3+ 57. Kd2 Rxf6 $11) 54... Qxd6+ 55. Kc1 Qf4+ 56. Kb1 Qf1+ 57. Kc2 Qg2+ 58. Kd1 Qf1+ 59. Kd2 Qf4+ 60. Ke1 Qg3+ 61. Ke2 Qg2+ 62. Ke3 Qg3+ 63. Ke2 Qh2+ 64. Ke1 Qg3+ 65. Kd1 Qd3+ 66. Ke1 Qg3+ $11) 46... Qf2+ 47. Ne2 Rc5 {[#]} 48. Qe4 $1 {Threatening mate with d7.} Qh2 49. d7 Qd6+ 50. Qd4 Rd5 51. d8=Q {[%csl Gd4,Gf6][%cal Rd8h8]} Rxd4+ 52. Nxd4 {[%csl Gf6][%cal Rd8h8]} Qf4+ 53. Kd3 {Accuracy: White = 74%, Black = 39%.} 1-0

[Event "Baku Open 2018"]
[Site "Baku"]
[Date "2018.11.26"]
[Round "3"]
[White "Gasanov, Eldar"]
[Black "Babazada, Khazar"]
[Result "1/2-1/2"]
[WhiteElo "2502"]
[BlackElo "2269"]
[Annotator "TA"]
[PlyCount "61"]
[EventDate "2018.11.24"]
[EventType "swiss"]
[EventCountry "AZE"]
[SourceTitle "playchess.com"]
[Source "ChessBase"]
[SourceQuality "1"]

{[%evp 15,61,0,0,0,0,0,15,15,13,14,14,8,22,-10,47,47,47,40,40,29,68,42,48,55,56,4,40,0,25,16,25,0,0,25,24,0,0,-25,-29,-25,0,0,0,-23,0,0,0,-9]} 1. d4 Nf6 2. c4 g6 3. Nc3 d5 4. Nf3 Bg7 5. e3 O-O 6. Bd2 c6 7. Rc1 Ne4 8. Be2 {D94: Grünfeld: 4 Nf3 Bg7 5 e3} Nxd2 {LiveBook: 3 Games} 9. Qxd2 dxc4 10. Bxc4 Bg4 11. Be2 {[%cal Bc4e2,Be2f3,Bf3e4][%mdl 32]} Qa5 $146 ({Predecessor:} 11... Nd7 12. h3 Bxf3 13. Bxf3 e6 14. O-O Qe7 15. b4 Rad8 {½-½ (40) Ibragimov,I (2586)-Christiansen,L (2588) Saint Louis 2009}) 12. O-O Rd8 13. Rfd1 Nd7 {[%cal Bb8d7,Bd7e5,Be5c4][%mdl 32]} 14. b4 Qf5 ({Black should try} 14... Qxb4 $11 15. Rb1 Qa5) 15. h3 $14 {[#] Black must now prevent e4.} Bxf3 $1 16. Bxf3 e5 17. dxe5 Nxe5 18. Qxd8+ Rxd8 19. Rxd8+ Bf8 20. Be4 (20. Be2 $14) 20... Qf6 21. Rcd1 Kg7 22. b5 Nc4 23. bxc6 bxc6 24. R8d4 Nb2 {[#] ...c5 is the strong threat.} 25. Rc1 Bc5 26. Rd2 Nc4 27. Rd3 Nb2 28. Rd2 Nc4 29. Rd3 Nb2 30. Rd2 Nc4 31. Rd3 {Accuracy: White = 40%, Black = 44%.} 1/2-1/2

[Event "Baku Open 2018"]
[Site "Baku"]
[Date "2018.11.26"]
[Round "3"]
[White "Bashirli, Nail"]
[Black "Safarli, Eltaj"]
[Result "0-1"]
[WhiteElo "2331"]
[BlackElo "2671"]
[Annotator "TA"]
[PlyCount "64"]
[EventDate "2018.11.24"]
[EventType "swiss"]
[EventCountry "AZE"]
[SourceTitle "playchess.com"]
[Source "ChessBase"]
[SourceQuality "1"]

{[%evp 19,64,66,76,0,65,73,76,77,129,115,122,81,105,97,134,129,129,0,0,0,0,-160,-47,-164,-147,-220,-211,-219,-228,-197,-264,-297,-191,-206,-197,-195,-194,-189,-193,-235,-224,-305,-300,-302,-301,-314,-310]} 1. e4 e5 2. Nf3 Nc6 3. Bb5 a6 4. Ba4 Nf6 5. O-O Be7 6. Re1 d6 7. c3 Bg4 8. h3 Bh5 9. d3 Qd7 10. Nbd2 {C87: Closed Ruy Lopez: Steinitz-type lines after 6 Re1 d6} (10. Bg5 h6 11. Bxf6 Bxf3 12. Qxf3 Bxf6 13. Nd2 O-O 14. Nf1 b5 15. Bc2 Nd8 16. d4 Ne6 17. d5 Nf4 {½-½ (28) Ponomariov,R (2715)-Demchenko,A (2589) Gjakova 2016}) 10... g5 {LiveBook: 22 Games} 11. Bxc6 (11. Nf1 $16) 11... bxc6 (11... Qxc6 $11 12. d4 O-O-O) 12. d4 $14 {White is slightly better.} exd4 13. cxd4 g4 (13... O-O $142) 14. e5 $16 Nd5 {[#]} 15. Nh2 $1 dxe5 $146 ({Predecessor:} 15... Rg8 16. Ne4 dxe5 17. hxg4 Bxg4 18. Nxg4 Qxg4 19. Qxg4 Rxg4 20. dxe5 {1-0 (42) Voronov,V-Novopashin,A Tashkent ( Uzbekistan) 1974}) 16. Nc4 {[%cal Rh3g4]} ({Don't play} 16. hxg4 Bg6 $14) (16. Nxg4 $6 Bxg4 17. hxg4 exd4 $11) 16... exd4 17. hxg4 {Ne5 is the strong threat.} ({Don't take} 17. Qxd4 $6 O-O $16) 17... Bg6 18. Bh6 ({White should try} 18. Ne5 $16 Qd6 19. Qxd4) 18... c5 $1 $11 19. Nf3 f6 $1 ({Don't blunder} 19... Qxg4 $2 20. Nce5 $18) 20. a4 $2 ({Better is} 20. Qb3 $11) 20... O-O-O ({Black should play} 20... Qxg4 $17 {White must now prevent ...Rg8.} 21. Qb3 Rd8) 21. Na5 (21. Nh4 $15) 21... Nb4 $19 22. Rc1 (22. Nh4 $17) 22... Rhe8 23. Nh4 Qd5 24. Nxg6 hxg6 25. Bd2 {Threatening Bxb4.} Bd6 {Threatens to win with ...Nd3.} 26. Rxe8 Rxe8 27. Bxb4 cxb4 28. Nc4 Bc5 $40 {[%mdl 128] Black attacks with force.} 29. Qb3 {[#]} Qg5 $1 {[%cal Rg5c1]} 30. Rd1 {intending Qf3.} Qxg4 {Black has a decisive advantage.} 31. Na5 Bd6 32. Qd3 Qe2 {Precision: White = 50%, Black = 64%.} 0-1

[Event "Baku Open 2018"]
[Site "Baku"]
[Date "2018.11.26"]
[Round "3"]
[White "Suleymanli, Aydin"]
[Black "Abasov, Nijat"]
[Result "1-0"]
[WhiteElo "2313"]
[BlackElo "2629"]
[Annotator "TA"]
[PlyCount "55"]
[EventDate "2018.11.24"]
[EventType "swiss"]
[EventCountry "AZE"]
[SourceTitle "playchess.com"]
[Source "ChessBase"]
[SourceQuality "1"]

{[%evp 12,55,-26,-17,10,1,8,0,12,-13,0,-10,-1,-6,-6,-22,4,12,4,0,66,48,74,66,62,11,14,3,6,18,192,171,297,285,280,292,355,348,555,548,1412,624,5489,2666,3025,1958]} 1. d4 Nf6 2. c4 e6 3. Nc3 Bb4 4. Nf3 b6 5. Bg5 {[%cal Bc1g5,Bg5h4,Bh4g3][%mdl 32]} Bb7 6. Nd2 h6 7. Bh4 e5 {E13: Queen's Indian/Nimzo-Indian hybrid: 4 Nc3 Bb7 5 Bg5 h6 6 Bh4 Bb4} (7... Qe7 8. Qc2 c5 9. a3 Bxc3 10. Qxc3 cxd4 11. Qxd4 Nc6 12. Qc3 Rc8 13. e3 O-O 14. Rd1 d5 15. Bxf6 gxf6 16. cxd5 {0-1 (31) Jobava,B (2701)-Carlsen,M (2838) chess.com INT 2017}) 8. d5 $146 ({Predecessor:} 8. dxe5 Bxc3 9. bxc3 g5 10. Bg3 Nh5 11. Qc2 Nxg3 12. hxg3 Qe7 13. Qf5 Nc6 14. Ne4 O-O-O 15. f4 Qa3 16. Kf2 Ne7 17. Qf6 Bxe4 18. fxg5 Qxc3 19. Qf4 Qxa1 20. Qxe4 Nc6 {0-1 (20) Karason,A (2305)-Stefansson,H (2600) Reykjavik 2015}) 8... Bxc3 9. bxc3 d6 {The position is equal.} (9... g5 $5 10. Bg3 $8 d6 $11) 10. e3 g5 11. Bg3 Nbd7 12. Bd3 Nc5 13. Bf5 a5 14. O-O Qe7 15. f4 Nfd7 ({Black should try} 15... e4 $1 $11) 16. fxe5 Nxe5 17. Qh5 $1 Ned7 18. Bxd7+ ({White should play} 18. e4 $14) 18... Nxd7 $11 19. e4 Rh7 20. Qf3 O-O-O $2 {[#]} (20... f6 $11 {and Black is okay.}) 21. c5 $1 $36 {[%cal Rc5d6][%mdl 2560] White is on the roll.} dxc5 {[#]} (21... bxc5 $142 22. Rab1 Ba6) 22. d6 $1 {[%cal Rd6e7]} Qe6 ({And not} 22... cxd6 23. Nc4 $16) 23. dxc7 Re8 24. Qd3 f5 (24... Qc6 {keeps fighting.} 25. Nc4 Re6) 25. Rxf5 {White is clearly winning.} Nf6 {[#]} 26. Re5 (26. Rxf6 $142 $1 {[%mdl 512]} Qxf6 27. Nc4) 26... Qd7 27. Rxe8+ Nxe8 {[#]} 28. Nc4 $1 {[%mdl 512] Accuracy: White = 65%, Black = 28%.} 1-0

[Event "Baku Open 2018"]
[Site "Baku"]
[Date "2018.11.26"]
[Round "3"]
[White "Gasimov, Parviz"]
[Black "Popov, Ivan"]
[Result "0-1"]
[WhiteElo "2303"]
[BlackElo "2590"]
[Annotator "TA"]
[PlyCount "70"]
[EventDate "2018.11.24"]
[EventType "swiss"]
[EventCountry "AZE"]
[SourceTitle "playchess.com"]
[Source "ChessBase"]
[SourceQuality "1"]

{[%evp 19,70,24,18,0,12,16,19,0,5,4,0,8,20,35,29,0,0,0,43,38,69,0,0,0,0,0,0,-93,-10,-214,-211,-364,-341,-363,-361,-350,-366,-364,-336,-428,-443,-407,-290,-789,-790,-1514,-1477,-1879,-1662,-29983,-29984,-29979,-7527]} 1. e4 e5 2. Nf3 Nc6 3. Bb5 {[%cal Bf1b5,Bb5a4,Ba4b3][%mdl 32]} a6 4. Ba4 b5 5. Bb3 g6 6. O-O {C70: Ruy Lopez: 3...a6 4 Ba4, Norwegian and Delayed Schliemann} (6. d4 exd4 7. Nxd4 Na5 8. O-O Bg7 9. Re1 Ne7 10. e5 O-O 11. Bg5 c5 12. Bd5 Rb8 13. Nb3 Nxb3 14. axb3 {0-1 (31) Kramnik,V (2792)-Mamedyarov,S (2808) Paris 2018}) 6... Bg7 7. c3 d6 8. h3 Nge7 9. d4 exd4 10. cxd4 O-O {LiveBook: 76 Games} 11. Nc3 Na5 12. Bc2 Bb7 13. Re1 c5 $146 14. d5 Nc4 15. Rb1 Na3 16. bxa3 Bxc3 17. Re3 Bg7 18. Bb2 Nc8 19. Bxg7 Kxg7 20. a4 (20. Nd2 $14) 20... b4 $1 $11 21. a5 Qxa5 22. a3 $1 {[%cal Ra3b4] Hoping for axb4.} Qb6 $1 23. Nh4 {[#]} (23. axb4 $11 {keeps the balance.} cxb4 24. Qd2) 23... Ne7 (23... a5 $1 $17) 24. e5 $2 (24. axb4 $11 {and White stays safe.} cxb4 25. Qc1) 24... a5 $19 ({Don't take} 24... Nxd5 25. Rd3 $17) 25. Qg4 $2 (25. e6) 25... Nxd5 26. Nf5+ Kh8 27. Nxd6 Nxe3 28. fxe3 Bd5 29. Rd1 b3 30. Bb1 c4 {[%cal Bc5c4,Bc4c3,Bc3c2][%mdl 32]} 31. Qf4 $2 {[#]} (31. Rxd5 Qxe3+ 32. Kh2) 31... c3 $1 32. Rxd5 c2 33. Qf6+ Kg8 34. e6 Qxe3+ {[%mdl 64] Double Attack} 35. Kh2 fxe6 {Accuracy: White = 30%, Black = 60%.} 0-1

[Event "Baku Open 2018"]
[Site "Baku"]
[Date "2018.11.26"]
[Round "3"]
[White "Maisuradze, Nino"]
[Black "Fier, Alexandr"]
[Result "1/2-1/2"]
[WhiteElo "2248"]
[BlackElo "2553"]
[Annotator "TA"]
[PlyCount "50"]
[EventDate "2018.11.24"]
[EventType "swiss"]
[EventCountry "AZE"]
[SourceTitle "playchess.com"]
[Source "ChessBase"]
[SourceQuality "1"]

{[%evp 9,50,-8,37,40,55,66,81,62,62,63,139,138,145,137,182,187,214,99,95,97,93,100,87,72,67,66,81,73,80,95,97,107,111,88,90,106,76,64,111,134,135,79,85]} 1. c4 e5 2. Nc3 Nf6 3. g3 c6 4. d4 e4 5. d5 Bc5 6. Bg2 {A23: English Opening: 1...e5 2 Nc3 Nf6 3 g3 c6} cxd5 $146 ({Predecessor:} 6... O-O 7. Nxe4 Nxe4 8. Bxe4 Qb6 9. e3 Qb4+ 10. Bd2 Qxc4 11. Bg2 d6 12. Qb3 Qa6 {0-1 (27) Claridge Hansen,W (2300)-Sadler,M (2659) London 2015}) 7. Nxd5 O-O 8. Nh3 {[%cal Bg1h3,Bh3f4,Bf4d5,Bd5e3][%mdl 32]} d6 9. O-O Nc6 (9... Nbd7 $14) 10. Bg5 $1 $16 Bd4 11. Nhf4 Bxb2 12. Rb1 Be5 {[#]} 13. Bxe4 (13. Nh5 $1 $18 {[%mdl 512]}) 13... h6 14. Nxf6+ Bxf6 15. Bxf6 Qxf6 16. Nd5 Qe5 17. Bg2 Rb8 $1 18. Rb5 a6 19. Rb6 $36 {[%mdl 2048] White is really pushing.} Bg4 20. Ne3 Bh5 21. Bxc6 (21. Bd5 {looks sharper.} Rfd8 22. Qd2 Qd4 23. Qb2 Qxb2 24. Rxb2 Ne5 25. f4) 21... bxc6 22. Rxc6 Rb2 23. Qxd6 Qxd6 24. Rxd6 {And now c5 would win.} Bxe2 {[#]} 25. Ra1 (25. Rc1 $142 $1) 25... Bf3 {Accuracy: White = 62%, Black = 56%.} 1/2-1/2